000 00310nam a22001217a 4500
020 _a9789380235776
082 _a630.2515 SRI?PR
100 _aSrivastava A K
_aTyagi P K
245 _aPractical Agricultural Meteorology
260 _aNew Delhi
_bNew India Publishing Agency
_c2011
300 _a250
942 _cBK
999 _c13819
_d13819